000
00306nam a22001457a 4500
008
210527b ||||| |||| 00| 0 eng d
020
_a
0887307299
041
_a
eng
080
_a
621
082
_a
621
100
_a
26
101
_a
MEK
245
_a
Beyond Reengineering
_c
Hammer,M
942
_2
udc
_c
BK
999
_c
57693
_d
57693